US President Faces - Sudden Death #2 - Statistics

General Stats
  • This quiz has been taken 33,972 times
    33,751 since last reset
  • The average score is 14 of 20
Answers on the Grid
Answers color-coded by a green-red scale on the quiz's grid according to % correct below.
 
Answer Stats
Answer % Correct
Donald Trump
89%
Barack Obama
88%
George W. Bush
87%
Joe Biden
86%
George H. W. Bush
82%
Theodore Roosevelt
79%
John Adams
76%
Andrew Jackson
70%
Benjamin Harrison
70%
John Quincy Adams
69%
Grover Cleveland
65%
Chester A. Arthur
65%
James A. Garfield
64%
John Tyler
64%
William Henry Harrison
63%
James Madison
62%
Zachary Taylor
62%
Andrew Johnson
62%
James K. Polk
61%
James Monroe
59%
No matching quizzes found
Score Distribution
Percent of People with Each Score
Percentile by Number Answered
Your Score History
You have not taken this quiz since the last reset